| 000 | 00377nam a2200145Ia 4500 | ||
|---|---|---|---|
| 008 | 240624s9999 xx 000 0 und d | ||
| 041 | _aeng | ||
| 082 | _a658.81 STI | ||
| 100 | _aSTILL RICHARD R | ||
| 245 | _aSALES MANAGEMENT DECISIONS STRATEGIES AN | ||
| 250 | _a(5th ed.) | ||
| 260 |
_c2004 _aNew Delhi _bPrentice-Hall |
||
| 300 | _axvi, : 638 : p. : cm. ; 25 | ||
| 365 | _cRS | ||
| 999 |
_c2531 _d2531 |
||